000 00520 a2200181 4500
999 _c30292
_d30292
003 NUST
005 20180118114326.0
008 180118b xxu||||| |||| 00| 0 eng d
020 _a0471221910
020 _a9780471221913
082 _a621.3692
100 1 _aBuck, John A.
_98614
245 1 0 _aFundamentals of optical fibers /
_cJohn A. Buck.
250 _a2nd ed.
260 _a[S.l.] :
_bWiley-Interscience,
_c2004.
300 _a352 p. ;
_c24 cm.
490 1 _aWiley series in pure and applied optics.
830 0 _aWiley series in pure and applied optics.
_98615
942 _aSNS
_cBK
_k621.3692 BUC
_2ddc